UM Logo
Normal view MARC view
  • Electronic discussion groups.

Entry Topical Term

Number of records used in: 1

001 - CONTROL NUMBER

  • control field: 41938

003 - CONTROL NUMBER IDENTIFIER

  • control field: OSt

005 - DATE AND TIME OF LATEST TRANSACTION

  • control field: 20200305124637.0

008 - FIXED-LENGTH DATA ELEMENTS

  • fixed length control field: 200305|| aca||aabn | a|a d

040 ## - CATALOGING SOURCE

  • Original cataloging agency: OSt
  • Transcribing agency: OSt

150 ## - HEADING--TOPICAL TERM

  • Topical term or geographic name entry element: Electronic discussion groups.

670 ## - SOURCE DATA FOUND

  • Source citation: Work cat.: (OSt): Fb moves vs indiscriminate sharing of intimate content., ©2019.